000 00556nam a2200193Ia 4500
003 GCL
008 140319s9999 xx 000 0 ara d
040 _aGCL /
_cGCL
082 0 4 _a216.4
_bم غ
100 1 _aمحمد عمارة
245 1 0 _aالغرب والاسلام /
_cمحمد عمارة
300 _a63 ص
490 _aفى التنوير الاسلامى
_v0
650 0 4 _aالاسلام
650 0 4 _aالدعوة الاسلامية
650 0 4 _aالدعوة السنوسية
650 0 4 _aالاسلام والغرب
942 _2ddc
_cBK
999 _c49538
_d49538